00746nam a2200205Ia 450000500170000000800410001704100080005808200150006610000460008124500480012725000120017526000490018730000090023650000290024565000120027470000460028694200070033299900170033995201840035620251113141733.0230125s9999 xx 000 0 und d aeng a158.1bREN aRenaissance Strategic Consultants9214844 a5 Steps to Making Spectacular Presentations a1st Ed. c2007bRenaissance Srategic ConsultantsaPune a106p aPersonality Development, aGeneral aRenaissance Strategic Consultants9214844 cBK c84180d84180 00102ddc4073aHIMRbHIMRd2007-03-07eRenaisance Strategic Consultants Pvt. Ltdg495.00i84o158.1 REN B05719pHIMR-BK-5719r2023-01-25 00:00:00v495.00w2007-03-07yRFzB05719